APEC Schools

Demigods & magicians : Percy and Annabeth meet the kanes / (Record no. 7181)

000 -LEADER
fixed length control field nam a22 7a 4500
005 - DATE AND TIME OF LATEST TRANSACTION
control field 20190301073454.0
008 - FIXED-LENGTH DATA ELEMENTS--GENERAL INFORMATION
fixed length control field 190301b xxu||||| |||| 00| 0 eng d
020 ## - IDENTIFIER FOR THE MANIFESTATION
Identifier for the Manifestation 9781484732786
Binding hard bound
040 ## - CATALOGING SOURCE
Language of Cataloging eng
Transcribing Agency APEC Schools Library
Description Conventions rda
082 ## - DEWEY DECIMAL CLASSIFICATION NUMBER
Classification number Fic
Author's Number R585 2015
100 ## - CREATOR
Preferred Name of the Person Riordan, Rick
245 ## - TITLE AND STATEMENT OF RESPONSIBILITY
Preferred Title Proper Demigods & magicians : Percy and Annabeth meet the kanes /
Statement of Responsibility/Parallel Statement of Responsibility Rick Riordan
264 ## - PUBLICATION STATEMENT
Place of publication, distribution, etc New York :
Publisher's Name/Parallel Publisher's Name Disney,
-- Hyperion,
Copyright ©2015.
300 ## - PHYSICAL DESCRIPTION
Extent 187 pages ;
Dimensions 17 cm.
336 ## - RDA CONTENT
Source rdacontent
Content Type text
337 ## - RDA MEDIA
Source rdamedia
Media Type unmediated
338 ## - RDA CARRIER
Source rdacarrier
Carrier Type volume
942 ## - ADDED ENTRY ELEMENTS (KOHA)
Source of Classification
Koha Item Type Books
Holdings
Library Site Location Shelving Location Source of Acquisition Full Classification Number Accession Number Koha Item Type
APEC Grace Park West Library APEC Chain of Schools Library Fiction Institutional Fund Fic R585 2015 A09-0000324 Fiction
APEC Bacoor Library APEC Bacoor Library Fiction Institutional Fund Fic R585 2015 B04-0000252 Fiction
APEC C. Raymundo Library APEC C. Raymundo Library Fiction Institutional Fund Fic R585 2015 A07-0000241 Fiction
APEC Calumpang Library APEC Calumpang Library Fiction Institutional Fund Fic R585 2015 B10-0000309 Fiction
APEC Dasmarinas Library APEC Dasmarinas Library Fiction Institutional Fund Fic R585 2015 B01-0000267 Fiction
APEC Doña Juana Library APEC Doña Juana Library Fiction Institutional Fund Fic R585 2015 A02-0000108 Fiction
APEC España Library APEC España Library Fiction Institutional Fund Fic R585 2015 B11-0000278 Fiction
APEC JRU Lipa Library APEC JRU Lipa Library Fiction Institutional Fund Fic R585 2015 B12-0000340 Fiction
APEC Las Piñas Library APEC Las Piñas Library Fiction Institutional Fund Fic R585 2015 C01-0000268 Fiction
APEC Marikina Heights Library APEC Marikina Heights Library Fiction Institutional Fund Fic R585 2015 A08-0000269 Fiction
APEC Muntinlupa Library APEC Muntinlupa Library Fiction Institutional Fund Fic R585 2015 B01-0000238 Fiction
APEC New Manila Library APEC New Manila Library Fiction Institutional Fund Fic R585 2015 C03-0000263 Fiction
APEC North Fairview Library APEC North Fairview Library Fiction Institutional Fund Fic R585 2015 A04-0000227 Fiction
APEC Ortigas Extension, Cainta Library APEC Ortigas Extension, Cainta Library Fiction Institutional Fund Fic R585 2015 B09-0000286 Fiction
APEC Roxas Boulevard Library APEC Roxas Boulevard Library Fiction Institutional Fund Fic R585 2015 B06-0000245 Fiction
APEC Silangan, Pateros Library APEC Silangan, Pateros Library Fiction Institutional Fund Fic R585 2015 B07-0000300 Fiction
APEC Sta. Rita Library APEC Sta. Rita Library Fiction Institutional Fund Fic R585 2015 B02-0000291 Fiction
APEC Taytay Library APEC Taytay Library Fiction Institutional Fund Fic R585 2015 B08-0000277 Fiction
APEC Tondo Library APEC Tondo Library Fiction Institutional Fund Fic R585 2015 A10-0000209 Fiction
APEC V. Luna Library APEC V. Luna Library Fiction Institutional Fund Fic R585 2015 A01-0000242 Fiction

Powered by Koha